Govt. of
Madhya Pradesh

Land of The Tiger (Record no. 40304)

MARC details
000 -LEADER
fixed length control field 004780000a22001810004500
003 - CONTROL NUMBER IDENTIFIER
control field MACL
005 - DATE AND TIME OF LATEST TRANSACTION
control field 20151219144512.0
008 - FIXED-LENGTH DATA ELEMENTS--GENERAL INFORMATION
fixed length control field 151219b xxu||||| |||| 00| 0 eng d
040 ## - CATALOGING SOURCE
Original cataloging agency MACL
Transcribing agency MACL
041 ## - LANGUAGE CODE
Language code of text/sound track or separate title English
082 ## - DEWEY DECIMAL CLASSIFICATION NUMBER
Classification number 590/THA
100 ## - MAIN ENTRY--PERSONAL NAME
Personal name Thapar, Valmik
9 (RLIN) 6709
245 ## - TITLE STATEMENT
Title Land of The Tiger
Remainder of title A Natural History of The Indian Subcontinent
260 ## - PUBLICATION, DISTRIBUTION, ETC. (IMPRINT)
Name of publisher, distributor, etc. India Book House
Date of publication, distribution, etc. 1997
Place of publication, distribution, etc. London
350 ## - PRICE (NR) (BK AM CF MU VM SE) [OBSOLETE]
Price 1351
650 ## - SUBJECT ADDED ENTRY--TOPICAL TERM
Topical term or geographic name as entry element Animals
9 (RLIN) 21444
942 ## - ADDED ENTRY ELEMENTS (KOHA)
Koha item type Books
Call number prefix 590/THA
Source of classification or shelving scheme
Holdings
Withdrawn status Lost status Source of classification or shelving scheme Damaged status Not for loan Home library Current library Date acquired Cost, normal purchase price Full call number Barcode Date last seen Uniform Resource Identifier Price effective from Koha item type
          MACL MACL 15/04/2015 1351.00 590/THA RBKS GRB003032 29/04/2015 40550 15/04/2015 Books